Depeche Mode opening lines - Statistics

General Stats
  • This quiz has been taken 27 times
  • The average score is 4 of 10
Answer Stats
Hint Song % Correct
My little girl, drive anywhere Behind The Wheel
84%
There's more besides the joyrides Get The Balance Right
56%
I've felt better Cover Me
40%
Just give me a reason some kind of sign Nothing's Impossible
40%
Someone will call, something will fall The Sun & the Rainfall
36%
I've been thinking I could come back home Before We Drown
32%
My love, the world's upside down Always You
28%
I'm coming for you Soothe My Soul
28%
Let's take a map of the world And Then...
20%
There is darkness and death in your eyes The Child Inside
20%
No matching quizzes found
Score Distribution
Percent of People with Each Score
Percentile by Number Answered
Your Score History
You have not taken this quiz